|
|
|
|
| LEADER |
00563cam a2200169 7i4500 |
| 001 |
0000028826 |
| 005 |
20121212090000.0 |
| 020 |
0 |
0 |
|a 1596237538
|
| 090 |
0 |
0 |
|a I 621.
|b THE
|
| 245 |
0 |
0 |
|a Thermal interface Materials :
|b technologies, applications and global markets.
|
| 260 |
0 |
0 |
|a Wellesley:
|b BCC Research,
|c 2011.
|
| 300 |
# |
# |
|a 164 p.
|
| 440 |
0 |
0 |
|a Market research report : 2011
|
| 650 |
0 |
0 |
|a Thermal --
|x Markets
|
| 650 |
0 |
0 |
|a Heating technologies --
|x Markets
|
| 650 |
0 |
0 |
|a Heat engineering --
|x Markets
|
| 999 |
|
|
|a B000032049
|b Book
|c International
|e Business Information Centre
|